Bilecik Bilecik Bilecik Bilecik Bilecik

El-kavânînü'l-külliyye li-zabti'l-lugâti't-Türkiyye : (Record no. 10684)

MARC details
000 -BAŞLIK
Sabit Uzunluktaki Kontrol Alanı 01460nam a22003857a 4500
001 - KONTROL NUMARASI
Control Dosyası 0010714
003 - KONTROL NUMARASI KİMLİĞİ
Kontrol Alanı KOHA_MİRAKIL
005 - EN SON İŞLEM TARİHİ ve ZAMANI
Kontrol Alanı 20260207001753.0
007 - FİZİKSEL TANIM SABİT ALAN - GENEL BİLGİ
Sabit uzunluklu kontrol alanı ta
008 - SABİT UZUNLUKTAKİ VERİ ÖGELERİ - GENEL BİLGİ
Sabit Alan 091120b1999 tu |||gr||||#0|||1|tur |
020 ## - ISBN - ULUSLARARASI STANDART KİTAP NUMARASI
Kullanılabilirlik koşulları 3,25
040 ## - KATALOGLAMA KAYNAĞI
Özgün Kataloglama Kurumu TR-BiSEU
Kataloglama Dili tur
Çeviri Kurumu TR-BiSEU
Açıklama Kuralları rda
041 0# - DİL KODU
Metin ya da ses kaydının dil kodu tur
044 ## - YAYINLAYAN/ÜRETEN KURULUŞUN ÜLKE KODU
ISO country code tu
050 ## - SINIFLAMA ve YER NUMARASI
Sınıflama Numarası PL63.1
Yer Numarası .K39 1999
100 1# - KİŞİ ADI
Yazar Adı (Kişi adı) Toparlı, Recep.
245 13 - ESER ADI BİLDİRİMİ
Başlık El-kavânînü'l-külliyye li-zabti'l-lugâti't-Türkiyye :
Alt Eseradı vb. (inceleme, indeks)/
Sorumluluk Bildirimi Recep Toparlı ; Recep Toparlı, M. Sadi Çögenli, Nevzat H. Yanık.
264 #1 - ÜRERİM, YAYIN, DAĞITIM ve TELİF BİLDİRİMİ
Yayın yeri Ankara :
Yayınlayan Atatürk Kültür, Dil ve Tarih yüksek Kurumu
Yayın tarihi 1999
300 ## - FİZİKSEL TANIMLAMA
Sayfa, Cilt vb. 137 sayfa, 85a sayfa; 24 cm.
336 ## - İÇERİK TÜRÜ
Content type term metin
Content type code txt
Source rdacontent
337 ## - MEDYA TÜRÜ
Media type term aracısız
Media type code n
Source rdamedia
338 ## - TAŞIYICI TÜRÜ
Carrier type term cilt
Carrier type code nc
Source rdacarrier
490 1# - DİZİ BİLDİRİMİ
Dizi Bildirimi Türk Dil Kurumu Yayınları ;
Cilt Numarası 728.
490 1# - DİZİ BİLDİRİMİ
Dizi Bildirimi Türkiye Türkçesi ve Tarihi Devirler Yazı Dilleri Gramerleri Projesi ;
Cilt Numarası 3
500 ## - GENEL NOT
Genel Not Dizin var.
500 ## - GENEL NOT
Genel Not Orjinal metin var.
650 #0 - KONU BAŞLIĞI EK GİRİŞ - KONU TERİMİ
Konusal terim veya coğrafi ad Qawanin al-kulliyah li-dabt al-lughah al-Turkiyah.
9 (RLIN) 26213
650 #0 - KONU BAŞLIĞI EK GİRİŞ - KONU TERİMİ
Konusal terim veya coğrafi ad Qawanin al-kulliyah li-dabt al-lughah al-Turkiyah--Indexes.
9 (RLIN) 26214
650 #0 - KONU BAŞLIĞI EK GİRİŞ - KONU TERİMİ
Konusal terim veya coğrafi ad Kipchak language--Grammar.
9 (RLIN) 17780
650 #0 - KONU BAŞLIĞI EK GİRİŞ - KONU TERİMİ
Konusal terim veya coğrafi ad Turkish language To 1500.
9 (RLIN) 26215
830 1# - SERİ EK GİRİŞİ - TEKBİÇİM ESER ADI
Tekbiçim Başlık Türk Dil Kurumu Yayınları ;
Volume number/sequential designation 728.
9 (RLIN) 17938
830 1# - SERİ EK GİRİŞİ - TEKBİÇİM ESER ADI
Tekbiçim Başlık Türkiye Türkçesi ve Tarihi Devirler Yazı Dilleri Gramerleri Projesi ;
Volume number/sequential designation 3
9 (RLIN) 26216
907 ## - LOCAL DATA ELEMENT G, LDG (RLIN)
a İnceleme
942 ## - EK GİRİŞ ÖGELERİ (KOHA)
Source of classification or shelving scheme Library of Congress Classification
Koha item type Book
Holdings
Materyal Türü Kalıcı Konum Mevcut Konum Raf Yeri Koleksiyon Kodu Sınıflandırma Kaynağı Edinim Bilgisi Ana Konular Alt Konular Yer Numarası Demirbaş Numarası Fatura Tarihi Maliyet, Alış Fiyatı Maliyet, Yenileme Fiyatı Geri Çekilme Durumu Kayıp Durumu Hasarlı Durumu Kredi için değil Kayıt Tarih Toplam Ödünçverme Son Görülme Tarihi Son Kontrol Tarihi
Danışma Kaynakları Prof. Dr. Azmi Özcan Kütüphanesi Prof. Dr. Azmi Özcan Kütüphanesi Birûni Salonu Referans Library of Congress Classification Satın DİL VE EDEBİYAT Doğu Asya, Afrika, Okyanusya Dilleri ve Edebiyatları PL63.1 .K39 1999 0010714 20/11/2009 3.51 3.51       Ödünç verilmez 20/11/2009   05/12/2024 05/12/2024